[Event "8th Teplice Open 2013"]
[Site "Teplice CZE"]
[Date "2013.06.19"]
[Round "5.54"]
[White "Papay,M"]
[Black "Badelka,Olga"]
[Result "0-1"]
[WhiteElo "1966"]
[BlackElo "1817"]

1.c4 c5 2.Nf3 Nf6 3.Nc3 b6 4.e3 Bb7 5.d4 cxd4 6.exd4 d5 7.cxd5 Nxd5 8.Bb5+ Bc6
9.Bc4 Nxc3 10.bxc3 e6 11.O-O Be7 12.Ne5 O-O 13.Qg4 Bd5 14.Bd3 Nd7 15.Re1 f5
16.Qe2 Nxe5 17.Qxe5 Bf6 18.Qe2 Rc8 19.Bb2 Re8 20.Ba6 Rc7 21.Bb5 Bc6 22.Rad1 Bxb5
23.Qxb5 Qd7 24.Qxd7 Rxd7 25.f4 Kf7 26.Re3 Rc8 27.Kf2 Rc4 28.Ke2 Ra4 29.a3 Be7
30.Ra1 Rd5 31.Re5 Bd6 32.Rxd5 exd5 33.g3 h6 34.Kf3 b5 35.h3 a5 36.Ke3 Ke6
37.Kf3 h5 38.Ke3 b4 39.axb4 Rxa1 40.Bxa1 axb4 41.cxb4 Bxb4 42.Ke2 Kd6 43.Bb2 Kc6
44.Bc1 Kb5 45.Kd3 Be1 46.Ba3 Bxg3 47.Bd6 g5 48.Ke3 Bxf4+ 49.Bxf4 gxf4+ 50.Kxf4 Kc4
51.Kxf5 Kxd4 52.h4 Ke3 53.Kg5 d4 54.Kxh5 d3 55.Kg6 d2 56.h5 d1=Q 57.h6 Qg1+
58.Kf7 Qf2+ 59.Kg6  0-1

[Event "72nd ch-GEO 2013"]
[Site "Tbilisi GEO"]
[Date "2013.06.20"]
[Round "8.4"]
[White "Pantsulaia,L"]
[Black "Qalagashvili,P"]
[Result "1-0"]
[WhiteElo "2567"]
[BlackElo "2171"]

1.Nf3 c5 2.c4 Nf6 3.Nc3 e6 4.g3 Nc6 5.Bg2 d6 6.O-O Be7 7.d4 cxd4 8.Nxd4 Bd7
9.Ndb5 Qb8 10.Bf4 Ne5 11.Qd4 a6 12.Na3 Ng6 13.Bg5 Bc6 14.Rfd1 Bxg2 15.Kxg2 O-O
16.Bxf6 Bxf6 17.Qxd6 Bxc3 18.bxc3 Qc8 19.Rab1 h5 20.c5 e5 21.Nc4 Qg4 22.Ne3 Qg5
23.Rxb7 f5 24.Qc7 Nf4+ 25.Kf1 Ne6 26.Qxe5 Rae8 27.h4 Qg6 28.Rd6 f4 29.gxf4 Nxf4
30.Rxg6  1-0

[Event "66th ch-RUS HL"]
[Site "Yekaterinburg RUS"]
[Date "2013.06.20"]
[Round "1.11"]
[White "Gordievsky,D"]
[Black "Khairullin,I"]
[Result "1/2-1/2"]
[WhiteElo "2474"]
[BlackElo "2658"]

1.Nf3 c5 2.c4 Nf6 3.Nc3 d5 4.cxd5 Nxd5 5.g3 Nc6 6.Bg2 Nc7 7.d3 e5 8.Nd2 Be7
9.Nc4 f6 10.O-O O-O 11.f4 exf4 12.Bxf4 Kh8 13.a4 Be6 14.a5 Nd5 15.a6 b6 16.Bd2 Qd7
17.Qa4 Rad8 18.Rf2 Rf7 19.Nxd5 Bxd5 20.Bxd5 Qxd5 21.Ne3 Qd7 22.Qe4 Bd6 23.Nf5 Be5
24.Bc3 g6 25.Nh6 Rff8 26.Raf1 Bxc3 27.bxc3 f5 28.Qf4 Qg7 29.Ng4 Qxc3 30.Qc7 Rc8
31.Qb7 Qd4 32.Nh6 Qg7 33.Nxf5 gxf5 34.Rxf5 Nd4 35.Rxf8+ Rxf8 36.Rxf8+ Qxf8
37.Qxa7 Qe8 38.e4 Qf8 39.Qxb6 Qf3 40.Qd8+ Kg7 41.Qg5+ Kh8 42.Qd8+ Kg7 43.Qg5+ Kh8  1/2-1/2

[Event "Gold Coast Open 2013"]
[Site "Gold Coast AUS"]
[Date "2013.06.22"]
[Round "1"]
[White "Ftacnik,L"]
[Black "Louie,Ryan"]
[Result "1-0"]
[WhiteElo "2543"]
[BlackElo "1901"]

1.Nf3 c5 2.c4 Nf6 3.Nc3 e6 4.g3 b6 5.Bg2 Bb7 6.O-O Be7 7.Re1 O-O 8.e4 d6
9.d4 cxd4 10.Nxd4 Nfd7 11.Be3 a6 12.Rc1 Re8 13.f4 Nc6 14.e5 Na5 15.Bxb7 Nxb7
16.Nc6 Qc7 17.Nxe7+ Rxe7 18.exd6 Nxd6 19.Qf3 Rc8 20.b3 Nc5 21.Red1 Nf5 22.Bf2 Rd7
23.b4 Rxd1+ 24.Rxd1 Nd7 25.Ne4 Nf8 26.g4 Nh6 27.Nd6 Rd8 28.c5 bxc5 29.bxc5 Nd7
30.Qb7 Qb8 31.c6 Qxb7 32.Nxb7  1-0

[Event "66th ch-RUS HL"]
[Site "Yekaterinburg RUS"]
[Date "2013.06.22"]
[Round "3.16"]
[White "Gordievsky,D"]
[Black "Ponkratov,P"]
[Result "1/2-1/2"]
[WhiteElo "2474"]
[BlackElo "2605"]

1.Nf3 Nf6 2.c4 c5 3.Nc3 e6 4.d4 cxd4 5.Nxd4 Nc6 6.g3 Qb6 7.Ndb5 Bc5 8.Bg2 Ng4
9.e3 Nge5 10.O-O Nxc4 11.Qg4 N6e5 12.Qxg7 Ng6 13.Qh6 Nce5 14.a4 d5 15.Qh5 f5
16.a5 Qd8 17.e4 fxe4 18.Bg5 Be7 19.Bh6 Bf8 20.Nxe4 Nf7 21.Bxf8 Kxf8 22.Nec3 Bd7
23.Nd4 e5 24.Nb3 d4 25.Ne4 Bc6 26.Nbd2 Kg7 27.Rfc1 Rc8 28.Bh3 Bd7 29.Nc5 Bxh3
30.Qxh3 Ng5 31.Ne6+ Nxe6 32.Qxe6 Re8 33.Rxc8 Qxc8 34.Qb3 Re7 35.Qd3 Qg4 36.f3 Qc8
37.Ne4 Rc7 38.Rd1 Rc1 39.Kg2 Qc2+ 40.Qxc2 Rxc2+ 41.Rd2 Rc1 42.f4 Re1 43.Nd6 Kf6
44.Nxb7 exf4 45.Nc5 fxg3 46.hxg3 Rb1 47.Ne4+ Ke5 48.Ng5 Kf5 49.Nxh7 d3 50.Rxd3 Rxb2+
51.Kh3 Ne5 52.Rd6 Ng4 53.Rd5+ Ke6 54.Rc5 Nf2+ 55.Kh4 Kd6 56.Rg5 Ne4 57.Rg6+ Ke5
58.Ng5 Rh2+ 59.Kg4 Nf6+ 60.Kf3 Ra2 61.Nf7+ Ke6 62.Nh6 Rxa5 63.Ng4  1/2-1/2

[Event "TCh-SUI 2013"]
[Site "Switzerland SUI"]
[Date "2013.06.23"]
[Round "5.2"]
[White "Zeller,F"]
[Black "Kurmann,O"]
[Result "1/2-1/2"]
[WhiteElo "2419"]
[BlackElo "2421"]

1.Nf3 c5 2.c4 Nf6 3.Nc3 e6 4.g3 b6 5.Bg2 Bb7 6.O-O Be7 7.Re1 d6 8.e4 a6 9.d4 cxd4
10.Nxd4 Qc7 11.Bf4 O-O 12.e5 dxe5 13.Bxe5 Qc8 14.Bxb7 Qxb7 15.Bxf6 Bxf6 16.Ne4 Bxd4
17.Qxd4 Nc6 18.Qc3 Rfd8 19.Rad1 Qc7 20.c5 Ne7 21.b4 Nd5 22.Qd4 bxc5 23.bxc5 Qa5  1/2-1/2

[Event "7th Varna Open 2013"]
[Site "Varna BUL"]
[Date "2013.06.23"]
[Round "5.3"]
[White "Drenchev,P"]
[Black "Nikolov,Mo"]
[Result "1/2-1/2"]
[WhiteElo "2485"]
[BlackElo "2538"]

1.c4 Nf6 2.Nc3 c5 3.Nf3 d5 4.cxd5 Nxd5 5.e4 Nb4 6.Bc4 Nd3+ 7.Ke2 Nf4+ 8.Kf1 Ne6
9.Ne5 Qd6 10.f4 Nc6 11.Nb5 Qb8 12.d4 Nxe5 13.dxe5 a6 14.f5 Nd4 15.Nxd4 cxd4
16.Qxd4 e6 17.Bg5 Qc7 18.Rc1 Bc5 19.Qc3 Bd7 20.Bd3 Rc8 21.f6 gxf6 22.Bxf6 Rg8
23.b4 Bb6 24.Qxc7 Rxc7 25.Rxc7 Bxc7 26.Kf2 Bd8 27.Rc1 Rg6 28.Bxd8 Kxd8 29.Rc5 Bc6
30.Kf3 Kd7 31.g4 h6 32.Kf4 Rg8 33.Rc3 Ba4 34.Be2 Rg6 35.a3 Rg8 36.Ke3 Bc6
37.Kd4 Ba4 38.Rf3 Ke7 39.Rf6 h5 40.gxh5 Rg2 41.Ke3 Rxh2 42.Rf1 Bb5 43.Bxb5 axb5
44.Rc1 Kd7 45.Rf1 Ke7 46.Kd4 b6 47.Ra1 Kd7 48.a4 bxa4 49.b5 Rxh5 50.Rxa4 Rh7
51.Ra7+ Kc8 52.Re7 Rg7 53.Ke3 Kb8 54.Kf4 Rg1 55.Ke3 Rg7 56.Re8+ Kc7 57.Rf8 Kb7
58.Kf4 Kc7 59.Rh8 Kd7 60.Rb8 Kc7 61.Ra8 Kb7 62.Rh8 Kc7  1/2-1/2

[Event "8th Teplice Open 2013"]
[Site "Teplice CZE"]
[Date "2013.06.24"]
[Round "9.5"]
[White "Teske,H"]
[Black "Simantsev,M"]
[Result "0-1"]
[WhiteElo "2514"]
[BlackElo "2454"]

1.Nf3 Nf6 2.c4 e6 3.Nc3 c5 4.g3 b6 5.Bg2 Bb7 6.O-O Be7 7.Re1 d6 8.e4 a6 9.d4 cxd4
10.Nxd4 Qc7 11.Be3 O-O 12.Rc1 Re8 13.b3 Bf8 14.g4 Nfd7 15.g5 Nc6 16.h4 Rac8
17.Nde2 Ba8 18.h5 Qb8 19.g6 b5 20.gxf7+ Kxf7 21.cxb5 axb5 22.a4 bxa4 23.bxa4 Nce5
24.Rb1 Bb7 25.Nb5 Nc4 26.Bf4 Nde5 27.Bg3 Qa8 28.Nec3 Red8 29.f4 Nd7 30.Kh2 Nf6
31.Qe2 h6 32.Bh3 Re8 33.Rbd1 Kg8 34.Bh4 Nd7 35.Nd4 Ncb6 36.Qb2 Qa5 37.Ncb5 Nc5
38.Nb3 Qb4 39.Rb1 Nbxa4 40.Qa2 Bxe4 41.Nxc5 Bxb1 42.Bxe6+ Kh8 43.Rxb1 Qxc5
44.Bxc8 Qxc8 45.Re1 Rxe1 46.Bxe1 Qe8 47.Qxa4 Qxe1 48.Nc7 Qd2+  0-1

[Event "III Marcel Duchamp Boca Jun Op"]
[Site "Buenos Aires ARG"]
[Date "2013.06.25"]
[Round "5.15"]
[White "Arguinariz,E"]
[Black "Krysa,L"]
[Result "0-1"]
[WhiteElo "2085"]
[BlackElo "2411"]

1.Nf3 Nf6 2.c4 c5 3.Nc3 d5 4.cxd5 Nxd5 5.g3 Nc6 6.Bg2 Nc7 7.O-O e5 8.d3 Be7
9.Bd2 O-O 10.Rc1 Rb8 11.Ne1 Be6 12.Na4 Na6 13.Bxc6 bxc6 14.b3 Bh3 15.Ng2 Qd5
16.f3 Nb4 17.Nc3 Qd8 18.Be3 Nd5 19.Nxd5 cxd5 20.Bxc5 Bxc5+ 21.Rxc5 Qb6 22.Qc1 Rbc8
23.d4 exd4 24.Rxc8 Rxc8 25.Qd1 Rc3 26.Kh1 Qc5 27.Re1 Bxg2+ 28.Kxg2 h6 29.Kf1 Rc2
30.Qd3 Rxa2 31.Rd1 Qc8 32.Kg2 Qe6 33.Rd2 Rxd2 34.Qxd2 Qb6 35.Qd3 g6 36.h4 h5
37.f4 Kg7 38.f5 Qf6 39.fxg6 fxg6 40.Qf3 Qe5 41.Kf2 a5 42.Ke1 Qf5 43.Kd2 Kf6
44.Kc1 d3 45.Qxd3 Qxd3 46.exd3 Kf5 47.Kb2 Kg4 48.Ka3 Kxg3 49.Ka4 Kxh4 50.Kxa5 g5
51.b4 g4 52.b5 g3 53.b6 g2 54.b7 g1=Q  0-1

[Event "9th Prague Festival Open A"]
[Site "Prague CZE"]
[Date "2013.06.26"]
[Round "5.19"]
[White "Plasil,Petr"]
[Black "Misicko,J"]
[Result "1/2-1/2"]
[WhiteElo "2016"]
[BlackElo "2091"]

1.c4 c5 2.Nc3 Nf6 3.Nf3 d5 4.cxd5 Nxd5 5.d4 cxd4 6.Qxd4 Nxc3 7.Qxc3 Nc6 8.e4 Bd7
9.Bb5 e6 10.O-O Qf6 11.e5 Qf5 12.Bd3 Qh5 13.Be3 Rc8 14.Be4 Qg4 15.Bxc6 Bxc6
16.Bxa7 Bb4 17.Qe3 O-O 18.Bb6 Bd5 19.h3 Qg6 20.Nh4 Qc2 21.Bd4 Bd2 22.Qg3 Rc4
23.Bc3 Bf4 24.Qg4 Bxe5 25.f4 Bxc3 26.bxc3 Qxc3 27.Nf3 Qe3+ 28.Kh1 Rxf4 29.Qg3 Rf6
30.a4 Ra8 31.Rfe1 Qf4 32.Qxf4 Rxf4 33.a5 Bxf3 34.gxf3 Rxf3 35.Reb1 Rxh3+
36.Kg2 Rd3 37.Rxb7 Rd2+ 38.Kf3 Kf8 39.a6 Ke8 40.a7 Rd7 41.Rb8+ Rd8 42.Rb7 Rd7
43.Rb8+ Rd8 44.Rb7 Rd7  1/2-1/2

[Event "TCh-MNE Prem 2013"]
[Site "Cetinje MNE"]
[Date "2013.06.27"]
[Round "4.1"]
[White "Nikcevic,N"]
[Black "Kosic,D"]
[Result "1-0"]
[WhiteElo "2458"]
[BlackElo "2501"]

1.c4 Nf6 2.Nc3 c5 3.Nf3 e6 4.e4 Nc6 5.Be2 e5 6.O-O d6 7.a3 Be7 8.Rb1 a5 9.d3 h6
10.Nd5 O-O 11.Be3 Bd7 12.Nd2 Nd4 13.Bxd4 cxd4 14.Nxf6+ Bxf6 15.Bg4 Bc6 16.a4 g6
17.b3 Bg5 18.Rb2 Qb6 19.g3 Qb4 20.f4 Be7 21.Ra2 Kh7 22.f5 Bg5 23.Nb1 Be3+
24.Kh1 Kg7 25.Na3 h5 26.f6+ Kh7 27.Bxh5 Rh8 28.Bg4 Kg8 29.Nb5 b6 30.Nc7 Ra7
31.Nd5 Bxd5 32.exd5 Rh6 33.Bf3 Qc5 34.Bg4 Kf8 35.h4 Ke8 36.Rh2 Kd8 37.h5 g5
38.Qf3 Qb4 39.Qd1 Kc7 40.Bh3 Kb8 41.Bg4 Rb7 42.Bf5 Ka7 43.Be4 Rc7 44.Rb2 Qc3
45.Rh2 Rc8 46.Bf5 Rc7 47.Bg4 Kb7 48.Re2 Ka7 49.Kg2 Rb7 50.Qc2 Qb4 51.Rf5 Rb8
52.Qd1 Qc3 53.Kf3 Re8 54.Ke4 Qb4 55.Rf1 Rd8 56.Kf5 Rg8 57.Ke4 Rd8 58.Rb2 Qc3
59.Rb1 Qb4 60.Qf3 Kb7 61.Rfe1 Ka7 62.Qf5 Kb7 63.Re2 Ka7 64.Qf3 Kb7 65.Rh2 Ka7
66.Re2 Kb7 67.Ree1 Ka7 68.Rf1 Kb7 69.Qe2 Ka7 70.Qc2 Kb7 71.Rf5 Ra8 72.Rbf1 Ka7
73.Qd1 Kb7 74.Re1 Ka7 75.Re2 Kb7 76.Rf1 Rd8 77.Qe1 Qa3 78.b4 axb4 79.Qb1 Ra8
80.Bd7 Kc7 81.Bc6 Ra6 82.g4 Bf4 83.Rb2 Qc3 84.Rc2 Qa3 85.Ra2 Qc3 86.Rc2 Qa3
87.Bb5 Ra8 88.Qb2 Rxf6 89.Qxa3 bxa3 90.Ra2 Kd8 91.Rxa3 Ke7 92.Bc6 Ra6 93.Ra2 Kf8
94.Bd7 Kg7 95.Bc8 Ra8 96.Bf5 Be3 97.Rb1 Ra6 98.Rb5 Rh6 99.a5 Rxa5 100.Raxa5 bxa5
101.Rb6 a4 102.Ra6 Bd2 103.Rxa4 Kf6 104.c5 dxc5 105.Ra6+ Kg7 106.d6 Bb4 107.d7 Rh8
108.h6+  1-0

[Event "TCh-MNE Prem 2013"]
[Site "Cetinje MNE"]
[Date "2013.06.27"]
[Round "4.5"]
[White "Pajkovic,V"]
[Black "Podlesnik,B"]
[Result "1-0"]
[WhiteElo "2426"]
[BlackElo "2381"]

1.Nf3 c5 2.c4 Nf6 3.Nc3 e6 4.d4 cxd4 5.Nxd4 Bb4 6.g3 O-O 7.Bg2 d5 8.cxd5 Nxd5
9.Qb3 Bc5 10.e3 Nb4 11.O-O e5 12.Na4 Be7 13.a3 N4c6 14.Ne2 Qc7 15.Nec3 Be6
16.Nd5 Na6 17.Qb5 Bxd5 18.Bxd5 Rad8 19.b4 Nab8 20.Qc4 a6 21.b5 axb5 22.Qxb5 Qa5
23.Qxa5 Nxa5 24.e4 b5 25.Nb2 b4 26.axb4 Nac6 27.b5 Nb4 28.Rd1 Nd7 29.Nc4 Nc2
30.Rb1 Nd4 31.Kf1 Bc5 32.Be3 Nb6 33.Nxe5 Nxd5 34.exd5 Rxd5 35.Nc6  1-0

[Event "TCh-MNE Prem 2013"]
[Site "Cetinje MNE"]
[Date "2013.06.28"]
[Round "5.6"]
[White "Mugosa,Srdjan"]
[Black "Kisic,B"]
[Result "0-1"]
[WhiteElo "2091"]
[BlackElo "2055"]

1.c4 c5 2.Nc3 Nf6 3.Nf3 b6 4.e4 d6 5.d4 cxd4 6.Nxd4 Bb7 7.f3 e6 8.Be2 Be7
9.Be3 O-O 10.Qd2 a6 11.O-O Qc7 12.Rfc1 Nbd7 13.Rab1 Rac8 14.b4 Qb8 15.Na4 Qa8
16.Nb3 Bd8 17.Qxd6 Bc7 18.Qd3 Qb8 19.h3 Rfd8 20.Qc2 Nh5 21.Bf2 Bh2+ 22.Kh1 Ng3+
23.Bxg3 Bxg3 24.Bf1 Qf4 25.Qe2 Qh6 26.Rd1 Bc7 27.c5 Qf4 28.g4 b5 29.Nc3 Ne5
30.Nd4 Nc4 31.Qf2 Be5 32.Nce2 Qh6 33.c6 Ba8 34.f4 Bxd4 35.Nxd4 g6 36.Kh2 Qf8
37.e5 Bxc6 38.f5 Nxe5 39.Qf4 Rxd4 40.Qxe5 Rxd1 41.Rxd1 exf5 42.gxf5 Qxb4
43.f6 h6 44.Qe7 Qf4+  0-1

[Event "8th Vladimir Dvorkovich Cup"]
[Site "Moscow RUS"]
[Date "2013.06.28"]
[Round "4.16"]
[White "Bezkorovaina,M"]
[Black "Ni,Shiqun"]
[Result "0-1"]
[WhiteElo "2045"]
[BlackElo "2231"]

1.Nf3 Nf6 2.c4 c5 3.Nc3 d5 4.cxd5 Nxd5 5.e4 Nb4 6.Bb5+ N8c6 7.O-O a6 8.Be2 Nd4
9.Nxd4 cxd4 10.Nd5 Nxd5 11.exd5 Qxd5 12.Re1 e6 13.Bf3 Qd7 14.d3 Bd6 15.Re4 O-O
16.Qe2 e5 17.Rh4 Qe7 18.Rh5 f5 19.Bg5 Qf7 20.Rh4 Be6 21.h3 Rac8 22.g4 Qg6
23.Qd2 e4 24.dxe4 fxe4 25.Qxd4 Qxg5 26.Qxd6 Rc6 27.Rh5 Qf6 28.Qg3 exf3 29.Re1 Qxb2
30.Rhe5 Bd7 31.Re7 Rc1 32.Qd6 Rxe1+ 33.Rxe1 Bc6 34.Qe6+ Kh8 35.Qd6 Qf6 36.Re6 Qd8
37.Qb4 Re8 38.Rd6 Qh4 39.Re6 Rg8 40.Qf4 Qxh3 41.Qg3 Qxg3+ 42.fxg3 Rd8 43.Re5 Kg8
44.Rf5 Rf8 45.Kf2 Rxf5 46.gxf5 b5  0-1

[Event "4th ch-Vojvodina Int"]
[Site "Novi Sad SRB"]
[Date "2013.06.28"]
[Round "2.2"]
[White "Banovic,I"]
[Black "Radlovacki,J"]
[Result "1-0"]
[WhiteElo "2180"]
[BlackElo "2434"]

1.Nf3 Nf6 2.c4 e6 3.Nc3 c5 4.e3 d5 5.cxd5 Nxd5 6.d4 Nc6 7.Be2 cxd4 8.exd4 Be7
9.O-O O-O 10.Be3 b6 11.Rc1 Bb7 12.Qd2 a6 13.Rfe1 Nxe3 14.fxe3 Re8 15.Kh1 Bd6
16.Rf1 Re7 17.Bd3 Rd7 18.Rcd1 Rc8 19.Ne4 Be7 20.Qe2 a5 21.Bb5 Rdc7 22.Nc3 Nb8
23.Bd3 Bb4 24.Nb5 Re7 25.Ng5 f5 26.a3 Bd6 27.e4 g6 28.Nxe6 Rxe6 29.Bc4 Rxc4
30.Qxc4 Qc8 31.Nxd6 Qxc4 32.Nxc4 Bxe4 33.d5 Rf6 34.d6 Nd7 35.Nxb6 Nxb6 36.d7 Nxd7
37.Rxd7 Rc6 38.Rfd1 Rc2 39.Ra7 Rc8 40.Rxa5 Kg7 41.Ra7+ Kh6 42.Rad7 Kg5 43.h3 h5
44.a4 Rb8 45.R1d2 Kf6 46.Kh2 h4 47.a5 g5 48.a6 g4 49.hxg4 fxg4 50.R2d4 Rxb2
51.Re7  1-0

[Event "22nd Anderssen Mem Eliminacje"]
[Site "Wroclaw POL"]
[Date "2013.06.29"]
[Round "2"]
[White "Wieczorek,O"]
[Black "Tworzydlo,P"]
[Result "1/2-1/2"]
[WhiteElo "2353"]
[BlackElo "2153"]

1.Nf3 Nf6 2.c4 c5 3.Nc3 g6 4.d4 cxd4 5.Nxd4 Bg7 6.e4 d6 7.Be2 O-O 8.O-O Nc6
9.Be3 Bd7 10.Qd2 Ng4 11.Bxg4 Bxg4 12.f3 Bd7 13.Rfd1 b6 14.Rac1 Rc8 15.b3 Re8
16.Nd5 Nxd4 17.Bxd4 Bxd4+ 18.Qxd4 Bc6 19.Ne3 Qc7 20.b4 Red8 21.a3 Qd7 22.Rd2 Qe6
23.Rdc2 Qe5 24.Qd3 h5 25.Rd2 Kh7 26.Qd4 Qxd4 27.Rxd4 Rd7 28.Rcd1 Rdc7 29.Kf2 Kg7
30.R1d2 f6 31.h4 Kf7 32.f4 Ba4 33.e5 dxe5 34.fxe5 fxe5 35.Re4 Bb3 36.Rxe5 Kf6
37.Rg5 Bxc4 38.g4 hxg4 39.Nxg4+ Kg7 40.h5 Bf7 41.h6+ Kg8 42.Re5 Rc2 43.Rxc2 Rxc2+
44.Kg3 Rc7 45.Kh4 Rd7 46.Re3 Kh7 47.Ne5 Rd4+ 48.Kg3 Be8 49.Ng4 Rd7 50.Rf3 g5
51.Ne5 Rd4 52.Rf8 Bg6 53.Ra8 a5 54.bxa5 bxa5 55.Rxa5 Re4 56.Kf3 Rf4+  1/2-1/2

[Event "22nd Anderssen Mem Eliminacje"]
[Site "Wroclaw POL"]
[Date "2013.06.29"]
[Round "9"]
[White "Sadzikowski,D"]
[Black "Pieniazek,Ar"]
[Result "1-0"]
[WhiteElo "2448"]
[BlackElo "2362"]

1.Nf3 Nf6 2.c4 e6 3.Nc3 c5 4.g3 b6 5.Bg2 Bb7 6.O-O Be7 7.Re1 d5 8.cxd5 Nxd5
9.Nxd5 Qxd5 10.e4 Qd7 11.d4 O-O 12.d5 exd5 13.Ne5 Qc7 14.exd5 Bd6 15.Nc4 Nd7
16.Nxd6 Qxd6 17.Bf4 Qf6 18.Qg4 Bc8 19.Qe2 a5 20.d6 Ra7 21.Bc6 g5 22.Be5 Qe6
23.Qd2 Nxe5 24.Qxg5+ Qg6 25.Rxe5 Bd7 26.Qxg6+ fxg6 27.Re7 Rd8 28.Rae1 Bxc6
29.Rxa7 Rxd6 30.Rc7 h5 31.h3 Kf8 32.g4 h4 33.f4 Bb5 34.f5 gxf5 35.gxf5 Rd2
36.f6 Rd6 37.f7 Rg6+ 38.Kh2 Bc6 39.Rg1 Be4 40.Rxg6 Bxg6 41.Rb7 Bxf7 42.a3 a4
43.Rxb6 Bb3 44.Rb5 Ke7 45.Rxc5 Kf6 46.Rh5  1-0

[Event "HSC/De Legibus Open 2013"]
[Site "Helmond NED"]
[Date "2013.06.30"]
[Round "6.2"]
[White "Djuric,S"]
[Black "Akesson,R"]
[Result "0-1"]
[WhiteElo "2434"]
[BlackElo "2449"]

1.c4 c5 2.Nf3 Nf6 3.Nc3 e6 4.d4 cxd4 5.Nxd4 Nc6 6.g3 Qb6 7.Nb3 Ne5 8.e4 Bb4
9.Qe2 d6 10.f4 Nc6 11.Be3 Bxc3+ 12.bxc3 Qc7 13.Bg2 e5 14.c5 dxc5 15.Nxc5 O-O
16.O-O Ng4 17.Bd2 Qb6 18.Be3 Nxe3 19.Qxe3 f6 20.Rab1 Qc7 21.Rf2 b6 22.Nd3 Be6
23.Ne1 Na5 24.Nf3 Nc4 25.Qc1 Rac8 26.fxe5 fxe5 27.a4 a6 28.Bf1 Qc5 29.Bxc4 Bxc4
30.Kg2 Bd3 31.Qe1 Bxb1 32.Qxb1 Rf6 33.Qd3 Qxc3 34.Qd5+ Kh8 35.Nxe5 Rxf2+
36.Kxf2 Qc5+ 37.Ke2 Qxd5 38.exd5 Re8  0-1

[Event "HSC/De Legibus Open 2013"]
[Site "Helmond NED"]
[Date "2013.06.30"]
[Round "9.3"]
[White "Vishnu,P"]
[Black "Akesson,R"]
[Result "0-1"]
[WhiteElo "2494"]
[BlackElo "2449"]

1.c4 c5 2.Nf3 Nf6 3.Nc3 e6 4.d4 cxd4 5.Nxd4 Nc6 6.g3 Qb6 7.Nb3 Ne5 8.e4 Bb4
9.Qe2 d6 10.Bd2 O-O 11.f4 Nc6 12.O-O-O e5 13.f5 a5 14.g4 a4 15.Na1 Nd4 16.Qd3 a3
17.b3 Qa5 18.g5 Nd7 19.Rg1 Nc5 20.Qh3 Ncxb3+ 21.axb3 a2 22.Be1 Qa3+ 23.Kd2 Nxb3+
24.Kd3 Nc5+ 25.Kc2 Bd7 26.Nb5 Qa4+ 27.Kc1 Bxb5  0-1

[Event "Karvina Open 2013"]
[Site "Karvina CZE"]
[Date "2013.07.01"]
[Round "3.3"]
[White "Ivanov,MM"]
[Black "Szotkowski,J"]
[Result "1-0"]
[WhiteElo "2392"]
[BlackElo "2183"]

1.Nf3 Nf6 2.c4 c5 3.Nc3 e6 4.g3 b6 5.e4 Bb7 6.Qe2 d6 7.d4 cxd4 8.Nxd4 Be7
9.Bg2 O-O 10.O-O Nc6 11.Nxc6 Bxc6 12.Rd1 Qc7 13.b3 Rfd8 14.a4 a6 15.Ba3 Qb7
16.Ra2 Rab8 17.Rad2 Ne8 18.Nd5 Bf8 19.Nb4 e5 20.f4 exf4 21.gxf4 b5 22.cxb5 axb5
23.a5 Bd7 24.Qf2 Bg4 25.Rc1 Rbc8 26.Rxc8 Qxc8 27.Rc2 Qe6 28.Nd5 Nf6 29.f5 Qe5
30.Nxf6+ Qxf6 31.Bb2 Qh6 32.Qd2 g6 33.Qd4 Bg7 34.Qxg7+ Qxg7 35.Bxg7 Kxg7
36.Rc7 gxf5 37.b4 fxe4 38.Bxe4 d5 39.Bd3 Kf6 40.Kf2 Ke5 41.Bxb5 Kd4 42.a6 Rc8
43.a7  1-0

[Event "4th AIMAG Men"]
[Site "Incheon KOR"]
[Date "2013.07.02"]
[Round "5.17"]
[White "Kojima,S"]
[Black "Alahakoon,I"]
[Result "1-0"]
[WhiteElo "2385"]
[BlackElo "2047"]

1.Nf3 Nf6 2.c4 c5 3.Nc3 e6 4.g3 b6 5.Bg2 Bb7 6.O-O Be7 7.d4 cxd4 8.Qxd4 O-O
9.Rd1 d6 10.b3 Nbd7 11.Bb2 a6 12.Rac1 Qc7 13.h3 Rad8 14.e4 Rfe8 15.Nd2 Qb8
16.b4 h5 17.a3 Ba8 18.Nf1 Ne5 19.h4 Rd7 20.Ne3 Bd8 21.f4 Ng6 22.Qd3 b5 23.cxb5 Bb6
24.Kf1 axb5 25.Re1 Rdd8 26.Nxb5 d5 27.e5 Ne4 28.Nc2 Bf2 29.Ncd4 Bxe1 30.Rxe1 Qb6
31.a4 Bc6 32.Qe3 Bxb5+ 33.Nxb5 Qa6 34.Bxe4 dxe4 35.Qa7 Qxa7 36.Nxa7 Rd2 37.Re2 Rd1+
38.Re1 Rd3 39.Rxe4 Ra8 40.Bd4 Rxd4 41.Rxd4 Rxa7 42.b5 Ne7 43.b6 Ra8 44.Rd7 Nc6
45.Rc7 Na5 46.Ra7 Rb8 47.Rxa5 Rxb6 48.Rb5 Rc6 49.Rb8+ Kh7 50.Rb1 Rc3 51.Ra1 Rxg3
52.a5 Rc3 53.a6 Rc8 54.a7 Ra8 55.Ke2 Kg6 56.Kf3 Kf5 57.Rg1 f6 58.Rxg7 fxe5
59.Rg5+ Kf6 60.fxe5+ Kf7 61.Rxh5 Kg6 62.Rg5+ Kf7 63.h5 Rxa7 64.h6 Ra1 65.Rg7+ Kf8
66.Rb7 Kg8 67.Kg4 Re1 68.Kg5 Rg1+ 69.Kf6 Rh1 70.Kg6 Rg1+ 71.Kf6 Rh1 72.Rb8+ Kh7
73.Kxe6 Rxh6+ 74.Kf7 Rh1 75.Rb6 Re1 76.e6 Rf1+ 77.Ke8 Kg7 78.e7 Ra1 79.Kd7 Ra7+
80.Ke6 Ra8 81.Rd6 Kg6 82.Rd8 Ra6+ 83.Kd5  1-0

[Event "41st TCh-GRE"]
[Site "Rio (Achaia) GRE"]
[Date "2013.07.02"]
[Round "1.3"]
[White "Tsarouhas,K"]
[Black "Koliopoulos,K"]
[Result "1/2-1/2"]
[WhiteElo "2180"]
[BlackElo "2199"]

1.c4 Nf6 2.Nc3 c5 3.Nf3 e6 4.d4 cxd4 5.Nxd4 Bb4 6.g3 O-O 7.Bg2 d5 8.Nc2 Bxc3+
9.bxc3 Qc7 10.cxd5 Nxd5 11.Bxd5 exd5 12.Qd3 Be6 13.Nd4 Rc8 14.Bd2 Nd7 15.Nxe6 fxe6
16.O-O Nc5 17.Qd4 Ne4 18.Rab1 b6 19.Rb3 Qc5 20.Qxc5 Rxc5 21.Rd1 Rac8 22.Ra3 R8c7
23.Kf1 Nxd2+ 24.Rxd2 Rxc3 25.Ra4 Rc1+ 26.Kg2 R1c4 27.Ra3 Rc3 28.Rxc3 Rxc3
29.e4 Rc5 30.exd5 exd5 31.Kf3 Kf7 32.Kf4 Ke6 33.Re2+ Kd6 34.h4 Rc7 35.h5 Rf7+
36.Kg5 d4 37.f4 Rf6 38.f5 a5 39.Kf4 Rf7 40.g4 h6 41.Re6+ Kc5 42.Ke4 b5 43.Kd3 Rd7
44.f6 gxf6 45.Rxf6 Rg7 46.Rg6 Rh7 47.Rf6 Rg7 48.Rg6 Rh7 49.Rf6  1/2-1/2

[Event "IsBank TCh-TUR 2013"]
[Site "Denizli TUR"]
[Date "2013.07.03"]
[Round "5.2"]
[White "Yilmaz,M"]
[Black "Bagaturov,G"]
[Result "1-0"]
[WhiteElo "2556"]
[BlackElo "2444"]

1.c4 Nf6 2.Nc3 c5 3.Nf3 e6 4.g3 b6 5.Bg2 Bb7 6.O-O Be7 7.d4 cxd4 8.Qxd4 d6
9.Be3 O-O 10.Rfd1 Nbd7 11.Rac1 a6 12.Qd2 Qc7 13.Bf4 Ne8 14.b4 Rd8 15.Qe3 e5
16.Nd5 Bxd5 17.cxd5 Qb7 18.Nxe5 Nxe5 19.Bxe5 dxe5 20.d6 Qa7 21.dxe7 Qxe7
22.Qxb6 Nf6 23.a3 e4 24.Rxd8 Rxd8 25.Qxa6 e3 26.f4 h5 27.Rc8 Rxc8 28.Qxc8+ Kh7
29.Qf5+ g6 30.Qe5 Qd8 31.Qxe3 Ng4 32.Qc3 Qd1+ 33.Bf1 Nxh2 34.Kxh2 Qxf1 35.Qf3 Qb1
36.Kg2  1-0

[Event "36th Barbera Open"]
[Site "Barbera del Valles ESP"]
[Date "2013.07.04"]
[Round "1.17"]
[White "Valdes,Le"]
[Black "Molina Morena,A"]
[Result "1-0"]
[WhiteElo "2444"]
[BlackElo "2174"]

1.Nf3 Nf6 2.c4 c5 3.Nc3 g6 4.g3 b6 5.Bg2 Bb7 6.O-O Bg7 7.d4 cxd4 8.Qxd4 O-O
9.Qh4 d6 10.Rd1 Nbd7 11.Be3 Rc8 12.Rac1 Qc7 13.b3 Rfe8 14.g4 Nc5 15.g5 Nfe4
16.Nxe4 Nxe4 17.Bd4 d5 18.Bxg7 Kxg7 19.Nd4 Nd6 20.Bxd5 Bxd5 21.cxd5 Qxc1
22.Rxc1 Rxc1+ 23.Kg2 Rd1 24.Qf4 a6 25.e4 Re1 26.f3 Kg8 27.Qd2 Ra1 28.Qb2 Rd1
29.Nc6 b5 30.h4 Nc8 31.Ne5 h5 32.gxh6 f6 33.Ng4 Kh7 34.Qc2 Ra1 35.h5 Rg8
36.hxg6+ Kxg6 37.Kg3 Rh1 38.Kf4 Rh5 39.Qc7 f5 40.Ne5+ Kxh6 41.Qd7 Rh4+ 42.Ke3 fxe4
43.Qe6+ Kg7 44.Qf5 Kh6 45.Qf7 Rg7 46.Qe6+ Kh7 47.Qf5+ Kh6 48.Qxc8 exf3  1-0

[Event "2nd Arberopen 2013"]
[Site "Bayerisch Eisenstein GER"]
[Date "2013.07.04"]
[Round "6.23"]
[White "Reuter,R"]
[Black "Vorobiov,Ivan"]
[Result "0-1"]
[WhiteElo "2010"]
[BlackElo "1731"]

1.Nf3 Nf6 2.c4 c5 3.Nc3 g6 4.g3 Bg7 5.Bg2 O-O 6.O-O d5 7.cxd5 Nxd5 8.Qb3 Nb6
9.d3 Nc6 10.Qb5 c4 11.dxc4 Be6 12.Rd1 Qe8 13.Nd5 Ne5 14.Nxe5 Bxe5 15.Qxe8 Rfxe8
16.f4 Bg7 17.Nxb6 axb6 18.Bxb7 Rad8 19.Bd5 b5 20.Be3 bxc4 21.Bxe6 fxe6 22.Rxd8 Rxd8
23.Rc1 Rb8 24.Kf2 Rxb2 25.Rxc4 Rxa2 26.Rc7 Kf7 27.g4 Ra4 28.Kf3 Bd4 29.Bc1 Bb6
30.Rb7 Bc5 31.Bb2 Bd4 32.Bc1 Bc5 33.Rb3 Rc4 34.Bd2 Ra4 35.Bc3 Bd4 36.Bb4 Ra7
37.e3 Bg7 38.Bd2 Rd7 39.Be1 Kf6 40.Ke4 Kf7 41.Rb5 Rc7 42.h4 Ra7 43.Ba5 Bf6
44.g5 Bg7 45.Bb4 Rc7 46.Bc5 Bc3 47.Kf3 Be1 48.Bd4 Bc3 49.Bc5 Be1 50.Kg4 Bc3
51.h5 gxh5+ 52.Kxh5 Bg7 53.Bb4 Rc1 54.Rb7 Bf8 55.Ra7 Rc2 56.Kg4 Rh2 57.e4 h6
58.Bd6 hxg5 59.fxg5 Re2 60.Kf3 Rd2 61.Be5 Rd3+ 62.Kf4 Rb3 63.Ra8 Rb1 64.Kg4 Rg1+
65.Bg3 Bg7 66.Kf3 Rc1 67.Ra7 Rc3+ 68.Kg4 Rc1 69.Kh5 Rh1+ 70.Bh4 Bd4 71.g6+ Kg8
72.Rxe7 Bf6  0-1

[Event "Karvina Open 2013"]
[Site "Karvina CZE"]
[Date "2013.07.04"]
[Round "6.4"]
[White "Kosiorek,M"]
[Black "Szotkowski,J"]
[Result "1-0"]
[WhiteElo "2340"]
[BlackElo "2183"]

1.c4 Nf6 2.Nf3 c5 3.Nc3 e6 4.d4 cxd4 5.Nxd4 a6 6.g3 Qc7 7.Qa4 Nc6 8.Nxc6 bxc6
9.Bg2 Rb8 10.Qc2 Be7 11.O-O O-O 12.Rd1 h6 13.b3 Bb7 14.Bb2 c5 15.Bxb7 Qxb7
16.e4 d6 17.Qe2 Nd7 18.Na4 Rfd8 19.Rd3 Ne5 20.Nxc5 Qc6 21.Bxe5 dxe5 22.Rxd8+ Rxd8
23.Nd3 f6 24.Rd1 Rd4 25.f3 g5 26.Kg2 Kg7 27.Nf2 Bc5 28.Rxd4 exd4 29.Nd3 a5
30.Qb2 Qd6 31.e5 fxe5 32.Qe2 Kf6 33.Qe4 Qc7 34.h4 Bd6 35.h5 Bf8 36.c5 Ke7
37.a3 Qb8 38.b4 axb4 39.axb4  1-0

[Event "6th ch-Cent SRB Int 2013"]
[Site "Paracin SRB"]
[Date "2013.07.05"]
[Round "1.30"]
[White "Nenezic,M"]
[Black "Colovic,Z"]
[Result "1-0"]
[WhiteElo "2391"]
[BlackElo "2112"]

1.Nf3 c5 2.c4 Nf6 3.Nc3 g6 4.e4 Bg7 5.d4 cxd4 6.Nxd4 Nc6 7.Be3 d6 8.Be2 O-O
9.O-O Nxd4 10.Bxd4 Be6 11.Qd2 Rc8 12.b3 b6 13.f4 Qd7 14.Rad1 Ne8 15.Bxg7 Nxg7
16.e5 Ne8 17.Nb5 a6 18.Nd4 dxe5 19.fxe5 Ng7 20.Qh6 Qc7 21.Rf4 Qxe5 22.Rh4 f5
23.Qxh7+ Kf7 24.Rh6 Rfe8 25.Qxg6+ Kg8 26.Qh7+ Kf8 27.Nxe6+ Nxe6 28.Rf1 Rc5
29.Bh5 Qg7 30.Rxf5+  1-0